Normal view
MARC view
- الشعر العربي - المهجر
Entry Topical Term
001 - CONTROL NUMBER
- control field: 20421
003 - CONTROL NUMBER IDENTIFIER
- control field: JO-AjAnu
005 - DATE AND TIME OF LATEST TRANSACTION
- control field: 20230606073543.0
008 - FIXED-LENGTH DATA ELEMENTS
- fixed length control field: 230606|| aca||aabn | a|a d
040 ## - CATALOGING SOURCE
- Original cataloging agency: JO-AjAnu
- Transcribing agency: JO-AjAnu
150 ## - HEADING--TOPICAL TERM
- Topical term or geographic name entry element: الشعر العربي - المهجر
670 ## - SOURCE DATA FOUND
- Source citation: Work cat.: (JO-AjAnu)10486: تأليف مطلوب،أحمد, author 20420, القروي شاعر العروبة في المهجر